Vzdelávanie ako faktor flexibility pracovných síl

Problematika flexibilnej pracovnej sily. Charakteristika celoživotného vzdelávania. Reagovanie vzdelávacieho systému a poradenstva na potreby trhu práce.

Saved in:
Bibliographic Details
Main Author: Brinčíková, Zuzana, 1979-
Format: Book Chapter
Language:Slovak
Subjects:
Tags: Add Tag
No Tags, Be the first to tag this record!

MARC

LEADER 00000naa$a2200000$$$4500
001 0074539
005 20240502071900.2
041 0 |a slo 
044 |a SK 
245 1 0 |a Vzdelávanie ako faktor flexibility pracovných síl  |c Zuzana Brinčíková 
520 |a Problematika flexibilnej pracovnej sily. Charakteristika celoživotného vzdelávania. Reagovanie vzdelávacieho systému a poradenstva na potreby trhu práce. 
610 2 0 |a sily pracovné 
610 2 0 |a flexibilita 
610 2 0 |a vzdelávanie 
610 2 0 |a trh práce 
100 1 |a Brinčíková, Zuzana, 1979-